Quizzes
Events
Quiz Creation
Community
Videos
Private Events
Remove Ads
Sign In
Join for FREE
Feedback
Dark Mode
Quiz Categories
Sports
Geography
Music
Movies
Television
Just For Fun
Miscellaneous
History
Literature
Language
Science
Gaming
Entertainment
Religion
Holiday
For Kids
Quiz Lab
Recent
Popular Today
Quiz Kudos Today
Editor Picks
Curator Picks
Quizzes by...
Day
Popularity
Type
Ratings
Length
Year
Community
Subscriptions
Recent Discussions
Orange Saloon
Badges
Playlists
Quests
Create
Leaderboards
Showdown
Live 5
Trivia Bingo
Activity
Puzzle Library
Sporcle Events
Private Events
Virtual Trivia
Globe League
Become a Host
Pub Owners
SporcleCon
Opinionation
Our Games
Videos
Blog
Mobile Apps
Partnerships
Remove Ads and Go Orange
Feedback
Music
Pop Music
The Beatles
Song
Album
Lyrics
Bands
Singers
Artist
Clip
Rock
Rap
Classical
Billboard
Country Music
Kpop
Taylor Swift
Music
Pop Music
The Beatles
Song
Album
Lyrics
Bands
Singers
Artist
Clip
Rock
Rap
Classical
Billboard
Country Music
Kpop
Taylor Swift
Random Quiz
Search Sporcle
×
Curator Pick
Curator Pick
Music
Clip
Type in answers that appear in a list
Type in answers that appear in a list
Classic
Best Score? Go Orange.
Guess the Songs (1960-2015) (Clips) Stats
Can you name the songs or bands given in these clips?
By
JasonVoorhees
20m
56 Questions
3,269 Plays
3,269 Plays
3,269 Plays
Comments
Comments
Give Quiz Kudos
Give Quiz Kudos
-
- Ratings
hide this ad
Replay
Link that replays current quiz
Next Quiz
Link to next quiz in quiz playlist
You Got
0%
They Got
Avg Score
56%
Avg Friend Score
Upgrade to see
Score Distribution
Jump to the score distribution portion of the page
Score
0/56
Timer
20:00
0
Plays Today
Year
Song
% Correct
1961 (0:10)
Stand By Me
86.4%
2014 (9:00)
Uptown Funk
83.6%
2011 (8:30)
Someone Like You
83.1%
1999 (6:30)
Livin' La Vida Loca
80.8%
2006 (7:40)
Crazy
79.8%
2008 (8:00)
So What
79.8%
2009 (8:10)
TiK ToK
78.8%
1974 (2:20)
Kung Fu Fighting
78.5%
1964 (0:40)
You Really Got Me
77.9%
2012 (8:40)
Thrift Shop
76.8%
1989 (4:50)
Love Shack
74.5%
1992 (5:20)
Baby Got Back
74.2%
1982 (3:40)
Come On Eileen
73.9%
1976 (2:40)
The Boys are Back In Town
72.1%
1968 (1:20)
Born to Be Wild
71.8%
1990 (5:00)
Vogue
70.8%
1983 (3:50)
Let's Dance
69.9%
1985 (4:10)
Everybody Wants to Rule the World
69.6%
2003 (7:10)
Bring Me to Life
69.3%
2002 (7:00)
Hot In Herre
68.6%
1993 (5:30)
Heart-Shaped Box
67.3%
1979 (3:10)
Tragedy
67%
1963 (0:30)
It's My Party
64.9%
1988 (4:40)
Fast Car
63.9%
2005 (7:30)
Feel Good Inc.
63.7%
1997 (6:10)
Song 2
63.7%
1991 (5:10)
Shiny Happy People
62.4%
1971 (1:50)
Won't Get Fooled Again
61.2%
Year
Song
% Correct
2010 (8:20)
Not Afraid
61.2%
1980 (3:20)
Fame
60.2%
1977 (2:50)
Anarchy In the UK
58.8%
1966 (1:00)
You Can't Hurry Love
57.1%
2004 (7:20)
Vertigo
55.9%
1981 (3:30)
Physical
52.9%
2007 (7:50)
Beautiful Girls
52.6%
1960 (0:00)
It's Now or Never
51.7%
1973 (2:10)
Angie
50.8%
1970 (1:40)
In the Summertime
50.7%
2000 (6:40)
Ms. Jackson
48.2%
2015 (9:10)
I Really Like You
48.1%
2013 (8:50)
Heart Attack
47.6%
1975 (2:30)
The Hustle
45.1%
1986 (4:20)
Sledgehammer
44.2%
1996 (6:00)
Firestarter
43.5%
1995 (5:50)
Dear Mama
38.2%
1987 (4:30)
I Want Your Sex
36.5%
1978 (3:00)
Wuthering Heights
35.1%
1972 (2:00)
Puppy Love
30.4%
1962 (0:20)
Green Onions
28.8%
1965 (0:50)
Wooly Bully
24.4%
2001 (6:50)
It's Been Awhile
24.3%
1984 (4:00)
Two Tribes
24.3%
1967 (1:10)
To Sir with Love
23.9%
1994 (5:40)
Blind
19.8%
1998 (6:20)
If You Tolerate This Your Children Will Be Next
17.1%
1969 (1:30)
Je t'aime… moi non plus
15.8%
Quiz Playlist
Details
Report
Send in Message
Add To Playlist
Classic:
Type in answers that appear in a list
Last Updated: Jan 12, 2021
Curator Pick in
Clip
Quiz Scoreboard
CHALLENGE
Sign Up to Join the Scoreboard
Show All
Scores
Hide
Comments
May contain spoilers
Recently Published
Popular People in 1961
by mucciniale
History
6m
1-10 Letter E Words III
by El_Dandy
Language
2m
One Thing in Common: World Cities II
by knightlancer
Geography
7m
More to Explore
Quiz From the Vault
Featured Blog Post
Where Did the Easter Bunny Come From?
hide this ad
You Might Also Like...
Tags
Bands Quiz
Clip Quiz
Decade Quiz
Pop Music Quiz
Rap Quiz
Rock Quiz
Song Quiz
Audio Quiz
Music Clip
Provided Clips
Sound Clips
Video Clips
Today's Top Quizzes in Music
Browse Music
hide this ad
Today's Top Quizzes in Clip
Browse Clip
Top Contributed Quizzes in Music
1
Taylor Swift All Songs (2024)
2
2010s Album by Cover III
3
Taylor Swift Logic Puzzle
4
One Thing in Common: Music
5
Guess the Artist- 70s Songs
6
Guess the Taylor Swift song (Mystery Song)
7
2010s Album by Cover V
8
2010s Album by Cover IV
9
Lana Del Rey Discography (BTD to DYKTTATUOB)
10
KPOP LOGIC QUIZ
Explore More
Trending Topics
NBA
Crossword
Marvel
Anime
Disney
Kpop
Harry Potter
Song
Pokémon
Soccer
The Office
NFL
Country
WWE
Puzzle
hide this ad
More By:
JasonVoorhees
Quiz
Plays
Rating
Category
Featured
Created
True or False: Billboard #1 Albums
15,279
4.60
Music
Oct 30, 2016
'Times Like These' Lyrics
7,165
4.86
Music
Oct 26, 2016
Missing Word: Weezer (A-Z)
4,627
4.50
Just For Fun
Aug 16, 2016
U.S. States by Capital (Map Click)
3,017
4.43
Geography
Dec 24, 2016
Odd One Out: Rock Band Members
2,536
4.72
Music
Nov 7, 2016
Go to Creator's Profile
Score Distribution
Quiz Creator Spotlight
JasonVoorhees
Follow
Send a Message
Quizzes Created
-
Created Quiz Play Count
-
More By This Creator
Popular Quizzes Today
1
Find the US States - No Outlines Minefield
2
The Countries of the World
3
Find the Countries of Europe - No Outlines Minefield
4
Popular People in 1961
5
1-10 Letter E Words III
6
Find the US States
7
One Thing in Common: World Cities II
8
US States
More Music Quizzes
Classic Rock Songs Missing 'E' Words
Quiz Lab
Trending Quizzes
Risky Map Clicking: Least Populous States A-Z
1-10 Letter F Words
1-10 Letter G Words
One Thing in Common: United Kingdom
Risky Map Clicking: Next State Alphabetically
Recently Updated
Leaping Animals
pecheneg
Reality TV Shows (A-Z)
bhenderson79
Rickey Henderson's Hall of Fame Teammates
pecheneg
Champions League XIs: Arsenal
pecheneg
Quick Pick: Celebrities in WWE's Hall of Fame
aduchscher
A-Z Keypad Blitz II
pecheneg
Multiple Oscar Actors
pecheneg
Mystery Phrase Blitz: Oscar 'Best Actors'
pecheneg
F. Scott Fitzgerald Novels
LTH
Pick 3 Villains
ddd62291
Trending Topics
Crossword
Kpop
Disney
Marvel
Harry Potter
Anime
NBA
WWE
Pokémon
Soccer
NFL
Song
Country
Puzzle
The Office
Your Account Isn't Verified!
In order to create a playlist on Sporcle, you need to verify the email address you used during registration. Go to your
Sporcle Settings
to finish the process.
Report this User
Report this user for behavior that violates our
Community Guidelines
.
Details:
Send Report
Go to the Sporcle.com Mobile Site →
Comments